| 000 | 00674nam a22002177a 4500 | ||
|---|---|---|---|
| 005 | 20231006084921.0 | ||
| 008 | 160419b2003 xxu||||| |||| 00| 0 spa d | ||
| 020 | _a9977926298 | ||
| 041 | _aESP | ||
| 082 | _a305.4 H641a | ||
| 100 |
_aHilario Chuquipoma, Emma _98193 |
||
| 100 |
_aCamacho de la O, Ana Lorena _912296 |
||
| 100 |
_aDíaz Flores, Cecilia _98195 |
||
| 245 | _aAgenda de las mujeres del Cantón Central de Puntarenas | ||
| 260 |
_aCosta Rica _bCentro de Estudios y Publicaciones Alforja _c2003 |
||
| 650 | _aMUJERES | ||
| 650 | _aPUNTARENAS | ||
| 650 | _aDESARROLLO DE LA COMUNIDAD | ||
| 650 | _aPARTICIPACIÓN POLÍTICA | ||
| 942 |
_cBK _2ddc |
||
| 999 |
_c7978 _d7978 |
||